Comparación técnica y de costos para un proceso de microfiltrado y los diferentes procesos de tratamientos de aguas residuales domésticas utilizados en Costa Rica

Gespeichert in:
Bibliographische Detailangaben
1. Verfasser: Cordero Ortiz, Jorge
Format: Buch
Veröffentlicht: San José, Costa Rica 2008
Schlagworte:
Tags: Tag hinzufügen
Keine Tags, Fügen Sie den ersten Tag hinzu!

MARC

LEADER 00000nam a2200000Ia 4500
003 010315
005 20221231144102.0
008 140114s2008 cr a 000 ||s d
040 |c cru CEDI 
090 |a TFG 5578 
100 |a Cordero Ortiz, Jorge  |9 4522 
245 |a Comparación técnica y de costos para un proceso de microfiltrado y los diferentes procesos de tratamientos de aguas residuales domésticas utilizados en Costa Rica 
260 |c 2008  |b San José, Costa Rica 
300 |a vi, 88 hojas; ilustraciones 
500 |a Proyecto de graduación (licenciatura en ingeniería química)--Universidad de Costa Rica. Facultad de Ingeniería. Escuela de Ingeniería Química 
650 |x PURIFICACION DE AGUAS RESIDUALES   |x ANALISIS DE COSTOS  |x FILTRACION  |x PURIFICACION DEL AGUA   |9 4523 
942 |c TFG 
999 |c 16683  |d 16683